Szczegóły MARC21

Integracja europejska : podręcznik akademicki /

003 -Nazwa inst., której nr kontr. jest w polu 001 [,]
    • @
    • Nazwa instytucji, której n kontrolny jest w polu 001
    • NUKAT
005 -DATA I CZAS OSTATNIEJ MODYFIKACJI [,]
    • @
    • pole kontrolne
    • 20241231093342.0
020 -Międzynarod. znormalizowany nr książki - ISBN [ , ]
    • a
    • Numer ISBN
    • 8320815282 Find
040 -Instytucja sporządzająca opis [ , ]
    • a
    • Instytucja, która sporządziła opis (NP)
    • LUBL 58/LL
    • b
    • Język katalogowania
    • pol
    • e
    • Zasady katalogowania
    • rda
    • c
    • Instytucja, która sporządziła rekord (NP)
    • LUBL 58/LL
    • d
    • Instytucja, która zmodyfikowała rekord (P)
    • LUBL 58/MN
    • d
    • Instytucja, która zmodyfikowała rekord (P)
    • LUBL 58/ESs
    • d
    • Instytucja, która zmodyfikowała rekord (P)
    • WA M/IW
    • d
    • Instytucja, która zmodyfikowała rekord (P)
    • GL 001/FAK
    • d
    • Instytucja, która zmodyfikowała rekord (P)
    • KR U/WJ
    • d
    • Instytucja, która zmodyfikowała rekord (P)
    • GL 001/FMM
942 -Rodzaj dokumentu [ , ]
    • c
    • Rodzaj dokumentu
    • Książka
245 -Strefa tytułu i oznaczenia odpowiedzialności [0,0]
    • a
    • Tytuł
    • Integracja europejska : Find
    • b
    • Ciąg dalszy tytułu (NP)
    • podręcznik akademicki / Find
    • c
    • Pozostałe elementy strefy tytułu i oznaczenia odpowiedzialności (NP)
    • redakcja naukowa Antoni Marszałek ; autorzy: Maria Bijak-Kaszuba, Janusz Bilski, Maria Greta, Walentyna Kwiatkowska, Antoni Marszałek, Włodzimierz Puliński, Janusz Świerkocki.
260 -Strefa adresu wydawniczego [ , ]
    • a
    • Miejsce wydania (P)
    • Warszawa :
    • b
    • Nazwa wydawcy (P)
    • Polskie Wydawnictwo Ekonomiczne,
    • c
    • Data wydania (P)
    • 2004.
300 -Strefa opisu fizycznego [ , ]
    • a
    • Określenie formy książki i/lub objętość (NP)
    • 528 stron :
    • b
    • Oznaczenie ilustracji (NP)
    • ilustracje ;
    • c
    • Format (NP)
    • 24 cm.
336 -Typ zawartości [ , ]
    • a
    • Termin opisujący typ zawartości
    • Tekst
    • b
    • Kod określający zawartość
    • txt
    • 2
    • Źródło (terminu i kodu)
    • rdacontent
337 -Typ mediów [ , ]
    • a
    • Tryb odtwarzania
    • Bez urządzenia pośredniczącego
    • b
    • Kod typu mediów
    • n
    • 2
    • Źródło (terminu i kodu)
    • rdamedia
338 -Typ/rodzaj nośnika [ , ]
    • a
    • Hasło opisujące typ nośnika
    • Wolumin
    • b
    • Kod typu nośnika
    • nc
    • 2
    • Źródło (terminu i kodu)
    • rdacarrier
504 -Uwaga dot. bibliogr. załącznikowej [ , ]
    • a
    • Uwaga dot. bibliografii załącznikowej
    • Bibliografia przy rozdziałach. Indeks.
080 -Uniwersalna Klasyfikacja Dziesiętna [ , ]
    • a
    • Symbol klasyfikacji
    • 339.923
    • 2
    • Identyfikator wydania tablic
    • UDC-P058
    • 9
    • UKD
    • 3339
    • b
    • Dopowiedzenie
    • Unie gospodarcze. Wspólnoty gospodarcze. Bloki gospodarcze.
    • 4
    • UKD2
    • 7975
    • x
    • Poddział wspólny
    • (4-67)
    • c
    • Dopowiedzenie poddz. wspólnego
    • (Kraje Unii Europejskiej).
    • 4
    • UKD2
    • 8594
    • x
    • Poddział wspólny
    • (07)
    • c
    • Dopowiedzenie poddz. wspólnego
    • (Wydawnictwa dydaktyczne. Podręczniki).
610 -Hasło przedmiotowe w formie nazwy ciała zbiorowego [2,7]
    • a
    • Nazwa ciała zbiorowego lub nazwa geograficzna
    • Wspólnoty Europejskie
    • v
    • Określnik formalny
    • podręczniki akademickie.
    • 2
    • Źródło terminu
    • kaba
    • 9
    • KHW
    • 360552
610 -Hasło przedmiotowe w formie nazwy ciała zbiorowego [2,7]
    • a
    • Nazwa ciała zbiorowego lub nazwa geograficzna
    • Unia Europejska
    • z
    • Określnik geograficzny
    • Polska
    • v
    • Określnik formalny
    • podręczniki akademickie.
    • 2
    • Źródło terminu
    • kaba
    • 9
    • KHW
    • 360553
651 -Hasło przedmiotowe w formie nazwy geograficznej [ ,7]
    • a
    • Nazwa geograficzna
    • Europa
    • x
    • Określnik rzeczowy
    • integracja gospodarcza
    • v
    • Określnik formalny
    • podręczniki akademickie.
    • 2
    • Źródło terminu
    • kaba
    • 9
    • KHW
    • 350323
980 -Symbol UKD [ , ]
    • a
    • UKD
    • 339.923(4-67)(07)
700 -Hasło dodatkowe - nazwa osobowa [1, ]
    • a
    • Nazwa osobowa (NP)
    • Marszałek, Antoni Find
    • d
    • Daty biograficzne (NP)
    • (1935- ).
    • e
    • Określenie rodzaju współpracy
    • Redakcja
    • e
    • Określenie rodzaju współpracy
    • Autor
    • 9
    • KHW
    • 65443
700 -Hasło dodatkowe - nazwa osobowa [1, ]
    • a
    • Nazwa osobowa (NP)
    • Bijak-Kaszuba, Maria. Find
    • e
    • Określenie rodzaju współpracy
    • Autor
    • 9
    • KHW
    • 94218
700 -Hasło dodatkowe - nazwa osobowa [1, ]
    • a
    • Nazwa osobowa (NP)
    • Bilski, Janusz Find
    • d
    • Daty biograficzne (NP)
    • (1949- ).
    • e
    • Określenie rodzaju współpracy
    • Autor
    • 9
    • KHW
    • 46062
700 -Hasło dodatkowe - nazwa osobowa [1, ]
    • a
    • Nazwa osobowa (NP)
    • Greta, Maria. Find
    • e
    • Określenie rodzaju współpracy
    • Autor
    • 9
    • KHW
    • 620236
700 -Hasło dodatkowe - nazwa osobowa [1, ]
    • a
    • Nazwa osobowa (NP)
    • Kwiatkowska, Walentyna. Find
    • e
    • Określenie rodzaju współpracy
    • Autor
    • 9
    • KHW
    • 83157
700 -Hasło dodatkowe - nazwa osobowa [1, ]
    • a
    • Nazwa osobowa (NP)
    • Puliński, Włodzimierz. Find
    • e
    • Określenie rodzaju współpracy
    • Autor
    • 9
    • KHW
    • 651025
700 -Hasło dodatkowe - nazwa osobowa [1, ]
    • a
    • Nazwa osobowa (NP)
    • Świerkocki, Janusz. Find
    • e
    • Określenie rodzaju współpracy
    • Autor
    • 9
    • KHW
    • 40930
710 -Hasło dodatkowe - nazwa ciała zbiorowego [2, ]
    • a
    • Nazwa ciała zbiorowego lub nazwa geograficzna jako pierwszy element (NP)
    • Polskie Wydawnictwo Ekonomiczne.
    • e
    • Rodzaj współpracy
    • Wydawca
    • 4
    • Kod relacji
    • pbl
    • 9
    • KHW
    • 50784
856 -Dostęp do wersji elektronicznej [4,1]
920 -ISBN [ , ]
    • a
    • ISBN
    • 83-208-1528-2 Find
Data inwentaryzacji Lokalizacja Status udost. Numer inwentarzowy Sygnatura
2004-11-30BE-2E.69513 
2019-06-06BE-2S.96049 
2004-11-03BG1CDE.1382 
2005-06-20BG1Z.104649Z.104649
2016-05-31GW-2GW.8141061.1(4-67)
2004-11-25T2T.8178 
2004-12-03T-3TM.2753 
2004-12-03T-3TM.2754 
2004-12-03T-3TM.2755 
2004-12-03T-3TM.2756 
2005-02-24T-3TM.2958 
2005-04-01T-3TM.3081 
2005-04-01T-3TM.3082 
2005-04-01T-3TM.3083 
2005-04-01T-3TM.3084 
2005-05-11T-3TM.3258